| 000 | 00877cam a22002534i 4500 | ||
|---|---|---|---|
| 001 | 17558310 | ||
| 005 | 20171226065910.0 | ||
| 008 | 121210s2014 caua b 001 0 eng | ||
| 010 | _a 2012044109 | ||
| 020 | _a9781452240039 (pbk.) | ||
| 040 |
_aDLC _beng _cDLC _erda _dDLC |
||
| 041 | _aeng | ||
| 042 | _apcc | ||
| 043 | _an-us--- | ||
| 080 | _a320.473 BAR | ||
| 082 | 0 | 0 |
_a320.473 BAR _223 |
| 100 | 1 | _a19 | |
| 101 | _aPOL | ||
| 245 | 1 | 0 |
_aKeeping the republic : _cChristine Barbour, Indiana University, Gerald C. Wright Indiana University. |
| 504 | _aIncludes bibliographical references and index. | ||
| 906 |
_a7 _bcbc _corignew _d1 _eecip _f20 _gy-gencatlg |
||
| 942 |
_2ddc _cBK |
||
| 999 |
_c39390 _d39390 |
||